Central Library OPAC University of Rajshahi

Electric machinery and control / (Record no. 8975)

MARC details
000 -LEADER
fixed length control field 00813cam a22002651 4500
001 - CONTROL NUMBER
control field 8975
003 - CONTROL NUMBER IDENTIFIER
rucl marc code BD-RjUL
005 - DATE AND TIME OF LATEST TRANSACTION
control field 20211208234706.0
008 - FIXED-LENGTH DATA ELEMENTS--GENERAL INFORMATION
fixed length control field 142001s1964 njua b 001 0 eng
035 ## - SYSTEM CONTROL NUMBER
System control number (BD-RjUL)9020
System control number (OCoLC)390719
040 ## - CATALOGING SOURCE
Original cataloging agency DLC
Transcribing agency ODaWU
Modifying agency OCoLC
-- DLC
-- BD-RjUL
Language of cataloging eng
041 ## - LANGUAGE CODE
Language code of text/sound track or separate title eng
082 ## - DEWEY DECIMAL CLASSIFICATION NUMBER
Classification number 621.313
Author mark and year KOE
100 1# - MAIN ENTRY--PERSONAL NAME
Personal name Kosow, Irving L.
9 (RLIN) 27862
245 10 - TITLE STATEMENT
Title Electric machinery and control /
Statement of responsibility, etc. [by] Irving L. Kosow.
260 ## - PUBLICATION, DISTRIBUTION, ETC. (IMPRINT)
Place of publication, distribution, etc. Englewood Cliffs, N.J. :
Name of publisher, distributor, etc. Prentice-Hall ,
Date of publication, distribution, etc. c1964 .
300 ## - PHYSICAL DESCRIPTION
Pagination xx, 707 p. :
Illustrations illus. ;
Size 24 cm.
490 0# - SERIES STATEMENT
Series statement Prentice-Hall series in engineering technology
504 ## - BIBLIOGRAPHY, ETC. NOTE
Bibliography, etc Includes bibliographies and index.
650 #0 - SUBJECT ADDED ENTRY--TOPICAL TERM
Topical term or geographic name as entry element Electric machinery.
9 (RLIN) 27863
Topical term or geographic name as entry element Electric controllers.
9 (RLIN) 27864
942 ## - ADDED ENTRY ELEMENTS (KOHA)
Source of classification or shelving scheme Dewey Decimal Classification
Koha item type Books
Holdings
Lost status Source of classification or shelving scheme Damaged status Not for loan Collection code Permanent Location Current Location Shelving location Date acquired Source of acquisition Cost, normal purchase price Total Checkouts Full call number Date last seen Copy number Koha item type
  Dewey Decimal Classification     Non-fiction Central Library, University of Rajshahi Central Library, University of Rajshahi   08/09/1987 Zeitlinger 130.00   621.313 KOE 1964 20/01/2014 C-2 Books
  Dewey Decimal Classification   Not For Loan Non-fiction Central Library, University of Rajshahi Central Library, University of Rajshahi Reading Room 08/09/1967 Zeitlinger 130.00   621.313 KOE 1964 09/05/2017 C-1 Books